| 000 | 01007nam a2200193 i 4500 | ||
|---|---|---|---|
| 001 | 144826 | ||
| 003 | ES-MaACL | ||
| 005 | 20240710145234.0 | ||
| 007 | t| | ||
| 008 | 160118s1862 fr |||| | fre d | ||
| 100 | 1 |
_aBertrand, Ernest. _9158507 |
|
| 245 | 1 | 0 |
_aDe la détention préventive et de la célérité dans les procédures criminelles en France et en Angleterre / _cpar M. Ernest Bertrand. |
| 260 |
_aParis : _bCosse et Marchal, _c1862. |
||
| 300 |
_aVI, 102 p. ; _c25 cm. |
||
| 650 | 4 |
_aPrisión provisional. _9143328 |
|
| 852 |
_aES-MaACL _jD-84(4) _z.- Donativo Lastres _z- Encuadernado en vol. facticio, en el lomo: Folletos, Estudios penitenciarios, 10 _9150058 _bR.FOLL.4/4 _cSVI _dOlim: 193-C-10 _fSello en tinta en portada: "Donativo del Sr. Lastres al Ateneo de Madrid 1907" _gAnotación manuscrita en portada: "Folletos penitenciarios. Tomo 10" _hDonación: Francisco Lastres y Juiz _xEncuadernado con otras obras formando un volumen facticio |
||
| 942 | _2udc | ||
| 999 |
_c144826 _d144826 |
||